Contra la arrogancia de los que leen /

Αποθηκεύτηκε σε:
Λεπτομέρειες βιβλιογραφικής εγγραφής
Κύριος συγγραφέας: Vázquez, Cristian (autor)
Μορφή: Βιβλίο
Γλώσσα:Ισπανικά
Έκδοση: Madrid, España : Trama, 2018, c2018
Σειρά:(Tipos Móviles ; 26)
Θέματα:
Ετικέτες: Προσθήκη ετικέτας
Δεν υπάρχουν, Καταχωρήστε ετικέτα πρώτοι!

MARC

LEADER 00000nam^a2200000^a^4500
001 000410369
005 20250521000000.0
009 20260310122045.47
020 |a 978-84-948465-3-3 
037 |a Acervo ITESO - Biblioteca 
041 |a ESP 
082 |a 302. 232  |b VAZ 
100 |a Vázquez, Cristian  |e (autor) 
245 1 0 |a Contra la arrogancia de los que leen /  |c C. Vázquez. 
264 4 |a Madrid, España :  |b Trama,  |c 2018, c2018 
300 |a 172 p. 
336 |a texto  |b txt  |2 rdacontenido 
337 |a sin mediación  |b n  |2 rdamedio 
338 |a volumen  |b nc  |2 rdasoporte 
440 1 |a (Tipos Móviles ;  |v 26) 
521 |a FIL 2018 DIA 
649 |a XX 
650 |a Industria Editorial 
650 |a Libros 
650 |a Lectura -  |x Aspectos Sociales y Culturales 
650 |a Lectura -  |x Difusión 
650 |a Lectura -  |x Tema Principal 
650 |a Literatura -  |x Historia y Crítica 
650 |a Hábitos 
650 |a Prácticas Culturales 
650 |a Cultura 
650 |a Sociología de la Cultura 
910 |a Fondo General 
920 |a Impresos - Libros 
930 |a Colección General 
905 |a 101 
901 |a 0500319093  |b IT1  |c ACC  |i C163756  |u 20250521 
902 |a https://opac.biblio.iteso.mx/vufind/Record/000410369